[Event "British Chess Championships 2023: AM Tournament Open"]
[Site "De Montfort University, 20 Western Boulevard, Leicester, LE2 7BU"]
[Date "2023.07.27"]
[Round "4"]
[Board "13"]
[White "Dayal, Samar"]
[Black "Graham, Cassie M"]
[Result "0-1"]
[WhiteElo "1433"]
[BlackElo "2008"]
[PlyCount "0"]
[EventDate "2023.07.24"]
[EventRounds "6"]
[EventCountry "ENG"]

1. e4 c5 2. Nf3 Nc6 3. d4 cxd4 4. Nxd4 g6 5. Nc3 Bg7 6. Be3 Nf6 7. Bc4 O-O 8. Bb3
d6 9. f3 Bd7 10. Qd2 Nxd4 11. Bxd4 b5 12. O-O-O a5 13. Nd5 Nxd5 14. Bxg7 Kxg7 15.
Bxd5 Rc8 16. Qd4+ Kg8 17. e5 Bf5 18. Be4 Rc4 19. Qd3 Bxe4 20. fxe4 Qc7 21. exd6 exd6
22. Rhe1 Rc8 23. Re2 Qc5 24. Red2 Rc6 25. Kb1 Qe5 26. Re2 b4 27. b3 R4c5 28. Qg3
Qxg3 29. hxg3 Re5 30. Rd4 Kf8 31. Kc1 Ke7 32. Kd2 Ke6 33. Rd3 Rcc5 34. c4 bxc3+ 35.
Rxc3 Rxc3 36. Kxc3 Rg5 37. Re3 Rc5+ 38. Kd3 h5 39. Rf3 f6 40. a3 Rb5 41. Kc4 Rc5+
42. Kd3 Ke5 43. b4 axb4 44. axb4 Rc1 45. Rf2 Rb1 46. Kc4 Kxe4 47. Rxf6 d5+ 48. Kc5
Rc1+ 49. Kd6 d4 50. Rxg6 d3 51. Re6+ Kd4 52. Rh6 d2 53. Rxh5 d1=Q 54. Rd5+ Kc4 55.
Rxd1 Rxd1+ 56. Ke5 Rg1 57. g4 Rxg2 58. Kf5 Kxb4 59. g5 Kc5 60. g6 Kd6 61. Kf6 Rf2
62. Kg7 Ke7 63. Kh8 Rg2 64. g7 Kf7 65. Kh7 Rxg7 66. Kh8 Rg1 67. Kh7 Rh1  0-1

[Event "British Chess Championships 2023: AM Tournament Open"]
[Site "De Montfort University, 20 Western Boulevard, Leicester, LE2 7BU"]
[Date "2023.07.27"]
[Round "4"]
[Board "14"]
[White "Sheikh, Anum"]
[Black "Gilmore, Simon N"]
[Result "0-1"]
[WhiteElo "1940"]
[BlackElo "2121"]
[PlyCount "0"]
[EventDate "2023.07.24"]
[EventRounds "6"]
[EventCountry "ENG"]

1. e4 c6 2. d4 d5 3. exd5 cxd5 4. Bd3 Nc6 5. c3 Nf6 6. Bf4 Bg4 7. Qb3 Qc8 8. Nd2
e6 9. Ngf3 Be7 10. O-O O-O 11. Ne5 Bh5 12. Ndf3 Nxe5 13. Nxe5 Nd7 14. Qc2 Nxe5 15.
Bxh7+ Kh8 16. dxe5 Qc4 17. Be3 g6 18. f3 Kxh7 19. h3 Kg7 20. g4 Rh8 21. Kg2 a6 22.
f4 Rac8 23. Qf2 Bxg4 24. hxg4 Rh4 25. Qf3 Rch8 26. Rh1 Qd3 27. Rxh4 Rxh4 28. g5 Bc5
29. Kg3 Rh8 30. Re1 Bxe3 31. Rxe3 Qb1 32. Re2 Qxa2 33. Kf2 Qc4 34. Qg3 Rh1 35. Qg4
Qc5+ 36. Re3 Rh2+ 37. Kf3 Rxb2 38. Qh4 Rc2 39. Qe1 Qc4 40. Kg4 b5 41. Rh3 Qe2+ 42.
Qxe2 Rxe2 43. Rd3 Re4 44. Kf3 Kf8 45. Rd1 Ke7 46. Ra1 Ra4 47. Rc1 Kd7 48. Ke3 a5
49. Rb1 Re4+ 50. Kf3 b4 51. cxb4 Rxb4 52. Rc1 a4 53. Rc5 a3 54. Ra5 Rb3+ 55. Ke2
Rb2+ 56. Kd3 a2 57. Ra7+ Ke8 58. Ra8+ Kd7 59. Ra6 Kc7 60. Ra8 Kb7 61. Ra4 Kb6 62.
Ra8 Rf2 63. Ke3 Rh2 64. Kd4 Kb5 65. Rb8+ Ka4 66. Kd3 Ka3 67. Rb7 a1=Q 68. Kd4  0-1

[Event "British Chess Championships 2023: AM Tournament Open"]
[Site "De Montfort University, 20 Western Boulevard, Leicester, LE2 7BU"]
[Date "2023.07.27"]
[Round "4"]
[Board "15"]
[White "Brown, Tom"]
[Black "Bedi, Adam"]
[Result "0-1"]
[WhiteElo "2017"]
[BlackElo "1926"]
[PlyCount "0"]
[EventDate "2023.07.24"]
[EventRounds "6"]
[EventCountry "ENG"]

1. d4 d5 2. c4 c6 3. Nc3 Nf6 4. e3 e6 5. Nf3 Nbd7 6. Qc2 Be7 7. b3 O-O 8. Be2 b6
9. Bb2 Bb7 10. O-O Rc8 11. Rad1 Re8 12. Rfe1 Qc7 13. Qb1 c5 14. cxd5 Nxd5 15. Nxd5
exd5 16. Rc1 Qd8 17. Red1 Nf6 18. Bb5 Bc6 19. Ba6 Rc7 20. Ne5 Qd6 21. dxc5 bxc5 22.
Nd3 Ng4 23. h3 Qh2+ 24. Kf1 Nxe3+ 25. fxe3 d4 26. Ne1 Bh4 27. Qc2 Rxe3 28. g3 Qh1+
29. Kf2 Bxg3#  0-1

[Event "British Chess Championships 2023: AM Tournament Open"]
[Site "De Montfort University, 20 Western Boulevard, Leicester, LE2 7BU"]
[Date "2023.07.27"]
[Round "4"]
[Board "16"]
[White "Kirupakaran, Vishnu"]
[Black "Davis, Timothy J"]
[Result "0-1"]
[WhiteElo "1881"]
[BlackElo "1989"]
[PlyCount "0"]
[EventDate "2023.07.24"]
[EventRounds "6"]
[EventCountry "ENG"]

1. e4 e5 2. Nf3 Nc6 3. Bb5 a6 4. Ba4 Nf6 5. O-O Be7 6. Re1 b5 7. Bb3 O-O 8. d4 Nxd4
9. Nxd4 exd4 10. e5 Ne8 11. c3 dxc3 12. Nxc3 d6 13. Qf3 Be6 14. Bxe6 fxe6 15. Qg4
Qc8 16. exd6 Bxd6 17. Ne4 Nf6 18. Qg5 Nxe4 19. Rxe4 Rf5 20. Qg4 Bc5 21. Rf4 Qd7 22.
b4 Rxf4 23. Bxf4 Bxb4 24. Rd1 Bd6 25. Bh6 Rf8 26. g3 Rf6 27. Be3 Qc6 28. Rc1 Qd5
29. a4 b4 30. h4 Rg6 31. Qe2 Bxg3 32. fxg3 Rxg3+ 33. Kh2 Qe5 34. Rc5 Qxe3  0-1

[Event "British Chess Championships 2023: AM Tournament Open"]
[Site "De Montfort University, 20 Western Boulevard, Leicester, LE2 7BU"]
[Date "2023.07.27"]
[Round "4"]
[Board "17"]
[White "Orgler, Lukas H"]
[Black "Staniland, Philip"]
[Result "0-1"]
[WhiteElo "1594"]
[BlackElo "1908"]
[PlyCount "0"]
[EventDate "2023.07.24"]
[EventRounds "6"]
[EventCountry "ENG"]

1. d4 d5 2. Nc3 Nf6 3. Bf4 a6 4. Qd2 e6 5. a3 c5 6. e3 Nc6 7. Nf3 Ne4 8. Nxe4 dxe4
9. Ne5 Nxe5 10. Bxe5 f6 11. Bg3 Be7 12. Bc4 h5 13. h3 h4 14. Bh2 cxd4 15. exd4 Bd6
16. O-O-O Bxh2 17. Rxh2 Qc7 18. d5 Qxc4 19. d6 Bd7 20. b3 Qc5 21. a4 Qe5  0-1

[Event "British Chess Championships 2023: AM Tournament Open"]
[Site "De Montfort University, 20 Western Boulevard, Leicester, LE2 7BU"]
[Date "2023.07.27"]
[Round "4"]
[Board "18"]
[White "Jukes, Sam"]
[Black "Orgler, Philipp"]
[Result "0-1"]
[WhiteElo "1977"]
[BlackElo "2110"]
[PlyCount "0"]
[EventDate "2023.07.24"]
[EventRounds "6"]
[EventCountry "ENG"]

1. e4 c5 2. Nf3 Nc6 3. d4 cxd4 4. Nxd4 e5 5. Nb5 a6 6. Nd6+ Bxd6 7. Qxd6 Qf6 8. Qd1
Qg6 9. Nc3 d5 10. Nxd5 Qxe4+ 11. Be2 Nd4 12. Nc7+ Ke7 13. Be3 Nxc2+ 14. Kf1 Nxe3+
15. fxe3 Rb8 16. Qb3 Be6 17. Qa3+ Kf6 18. Bd3 Qc6 19. Nxe6 Qxe6 20. Qb4 g6 21. Ke2
Kg7 22. Rhf1 Nf6 23. Rac1 Rhd8 24. Rc7 Rbc8 25. Rxc8 Rxc8 26. Qxb7 e4 27. Bxe4 Nxe4
28. Rxf7+ Qxf7 29. Qxc8 Qd5 30. Qxa6 Qd2+ 31. Kf3 Ng5+ 32. Kf4 Kh6 33. Qa3 Qf2+ 34.
Ke5 Qxg2 35. Qb4 Qxh2+ 36. Kd5 Qg2+ 37. e4 Qg4 38. a4 Qe6+ 39. Kc5 Nxe4+ 40. Kd4
Qf6+ 41. Kc4 Qc6+ 42. Kd4 Ng5 43. a5 Qd7+ 44. Ke3 Ne6 45. Qh4+ Kg7 46. Qe4 Qa7+ 47.
Ke2 Qa6+ 48. Kf2 Kf7 49. b4 Qb5 50. Qh4 Qf5+ 51. Ke1 Qb1+ 52. Ke2 Qc2+ 53. Kf1 Qd1+
54. Kf2 Qd4+ 55. Qxd4 Nxd4 56. Ke3 Nb5 57. Kd3 h5 58. Kc4 h4 59. Kxb5 h3 60. a6 h2
61. a7 h1=Q 62. Ka6 Qc6+ 63. Ka5 Qb7  0-1

[Event "British Chess Championships 2023: AM Tournament Open"]
[Site "De Montfort University, 20 Western Boulevard, Leicester, LE2 7BU"]
[Date "2023.07.28"]
[Round "5"]
[Board "1"]
[White "Clarke, Brandon Gi"]
[Black "Phan, Stefanus"]
[Result "1-0"]
[WhiteElo "2577"]
[BlackElo "2158"]
[PlyCount "0"]
[EventDate "2023.07.24"]
[EventRounds "6"]
[EventCountry "ENG"]

1. e4 c6 2. d4 d5 3. e5 Bf5 4. Nc3 e6 5. g4 Bg6 6. Nge2 c5 7. h4 h5 8. Nf4 Bh7 9.
Nxh5 Nc6 10. dxc5 Bxc5 11. Bg5 Qa5 12. Bb5 Kf8 13. Bxc6 bxc6 14. a3 Qc7 15. O-O Qxe5
16. Bf4 Qd4 17. Qe2 Qc4 18. Qe5 Qd4 19. Na4 f6 20. Nxc5 fxe5 21. Nxe6+ Kf7 22. Nxd4
exd4 23. Be5 Nf6 24. Nxf6 gxf6 25. Bxd4 Bxc2 26. Kg2 Rxh4 27. Kg3 Rah8 28. f3 Bd3
29. Rfe1 Rh3+ 30. Kf4 Rb8 31. Re3 Bc4 32. Rc1 a6 33. b3 c5 34. bxc4 cxd4 35. Rd3
dxc4 36. Rxc4 Rb5 37. Rcxd4 Ra5 38. Rb3 f5 39. Rb7+ Ke6 40. Rb6+ Ke7 41. a4 fxg4
42. fxg4 Rh1 43. Rc4 Rf1+ 44. Kg3 Kd7 45. Rd4+ Ke7 46. Re4+ Kd7 47. Rb3 Rd1 48. Rf3
Rg1+ 49. Kf4 Ra1 50. Rd3+ Kc6 51. Rc4+ Rc5 52. Rdc3 Rxc4+ 53. Rxc4+ Kd5 54. Rb4 Kc5
55. Re4 Kd5 56. Kf5 Rg1 57. Rf4 Kd6 58. Kf6 Rc1 59. g5 Rc6 60. g6 Kd5+ 61. Kg5 Ke5
62. g7 Rc1 63. Rg4 Rc8 64. Kh6  1-0

[Event "British Chess Championships 2023: AM Tournament Open"]
[Site "De Montfort University, 20 Western Boulevard, Leicester, LE2 7BU"]
[Date "2023.07.28"]
[Round "5"]
[Board "2"]
[White "Dicen, Elis Denele"]
[Black "Sedykh, Mikhail"]
[Result "1/2-1/2"]
[WhiteElo "2030"]
[BlackElo "2222"]
[PlyCount "0"]
[EventDate "2023.07.24"]
[EventRounds "6"]
[EventCountry "ENG"]

1. d4 d5 2. c4 e6 3. Nc3 Be7 4. cxd5 exd5 5. Bf4 c6 6. e3 Bf5 7. g4 Be6 8. Be2 Nd7
9. h3 Nb6 10. Nf3 g5 11. Be5 f6 12. Bg3 Bd6 13. Bxd6 Qxd6 14. Qc2 O-O-O 15. O-O-O
Kb8 16. Nd2 Ne7 17. Nb3 f5 18. Nc5 Bc8 19. Kb1 Rdf8 20. f3 Ng6 21. Bd3 Nh4 22. Rdf1
fxg4 23. fxg4 h6 24. a4 Qg3 25. Rxf8 Rxf8 26. Qh2 Qxh2 27. Rxh2 Nd7 28. Nxd7+ Bxd7
29. Nd1 Rf3 30. Be2 Rg3 31. Kc2 Kc7 32. b4 c5 33. b5 cxd4 34. exd4 Nf3 35. Bxf3 Rxf3
36. Nc3 Kd6 37. Kd2 Be6 38. Rh1 b6 39. Rh2 Bf7 40. Nd1 Rf4 41. Kc3 h5 42. Ne3 Rf3
43. Kd2 Rf4 44. Kc3 h4 45. Nf5+ Kd7  1/2-1/2

[Event "British Chess Championships 2023: AM Tournament Open"]
[Site "De Montfort University, 20 Western Boulevard, Leicester, LE2 7BU"]
[Date "2023.07.28"]
[Round "5"]
[Board "3"]
[White "Surtees, Mike J"]
[Black "Gordon, Sean"]
[Result "1-0"]
[WhiteElo "2165"]
[BlackElo "1999"]
[PlyCount "0"]
[EventDate "2023.07.24"]
[EventRounds "6"]
[EventCountry "ENG"]

1. e4 c5 2. d3 Nc6 3. g3 d5 4. exd5 Qxd5 5. Nf3 Bg4 6. Bg2 Nf6 7. O-O Qd7 8. Be3
e5 9. Re1 Bd6 10. Nbd2 O-O 11. Nc4 h6 12. a4 Rfe8 13. h3 Be6 14. Nxd6 Qxd6 15. Nd2
b6 16. a5 b5 17. c3 Nd5 18. Ne4 Qc7 19. Bxc5 f5 20. Nd6 Reb8 21. c4 bxc4 22. dxc4
Nde7 23. Nb5 Qd7 24. Qxd7 Bxd7 25. Bxe7 a6 26. Bd5+ Kh7 27. Bxc6 Bxc6 28. Nd6 Rxb2
29. Nxf5 Rab8 30. Bd6 R8b7 31. Bxe5 Rd2 32. Nd4 Bd7 33. Rab1 Rdb2 34. Rxb2 Rxb2 35.
Kg2  1-0

[Event "British Chess Championships 2023: AM Tournament Open"]
[Site "De Montfort University, 20 Western Boulevard, Leicester, LE2 7BU"]
[Date "2023.07.28"]
[Round "5"]
[Board "4"]
[White "Subramanian, Anusha"]
[Black "Verma, Shlok"]
[Result "1-0"]
[WhiteElo "2029"]
[BlackElo "2177"]
[PlyCount "0"]
[EventDate "2023.07.24"]
[EventRounds "6"]
[EventCountry "ENG"]

1. e4 e6 2. c4 d5 3. exd5 exd5 4. d4 Nf6 5. Nc3 dxc4 6. Bxc4 Be7 7. Nf3 O-O 8. h3
Nbd7 9. O-O Nb6 10. Bb3 c6 11. Re1 Bf5 12. Ne5 Nfd5 13. Qf3 Be6 14. Bd2 Nc7 15. Rad1
Bxb3 16. axb3 Ncd5 17. Ne4 Nd7 18. Qg3 Kh8 19. Bc3 Qc7 20. Rd3 f6 21. Nxd7 Qxd7 22.
h4 b6 23. h5 Rae8 24. Qf3 Bd8 25. Ra1 a5 26. Bd2 f5 27. Ng3 Bc7 28. Ne2 Re4 29. Nc3
Nf6 30. Bg5 Rxd4 31. Rxd4 Qxd4 32. h6 g6 33. Qxc6 Qd6 34. Qxd6 Bxd6 35. Rd1 Bc5 36.
Bxf6+ Rxf6 37. Na4 Rd6 38. Re1 Kg8 39. Nxc5 bxc5 40. Re8+ Kf7 41. Rh8 Kf6 42. Rxh7
Kg5 43. Rc7 Kxh6 44. Rxc5 Ra6 45. f3 Kg5 46. Kf2 Rb6 47. Rc3 a4 48. bxa4 Rxb2+ 49.
Kg3 Ra2 50. Rc4 Ra3 51. Rb4 Ra2 52. f4+ Kh5 53. Kh3 Ra3+ 54. g3 Ra1 55. Rb8 Rh1+
56. Kg2 Ra1 57. Rh8+  1-0

[Event "British Chess Championships 2023: AM Tournament Open"]
[Site "De Montfort University, 20 Western Boulevard, Leicester, LE2 7BU"]
[Date "2023.07.28"]
[Round "5"]
[Board "5"]
[White "Freeman, Ashley"]
[Black "Verma, Aditya"]
[Result "0-1"]
[WhiteElo "1971"]
[BlackElo "2247"]
[PlyCount "0"]
[EventDate "2023.07.24"]
[EventRounds "6"]
[EventCountry "ENG"]

1. e4 c5 2. Nf3 d6 3. d4 cxd4 4. Nxd4 Nf6 5. Nc3 g6 6. Be3 Bg7 7. f3 O-O 8. Qd2 Nc6
9. Bc4 Bd7 10. O-O-O Rb8 11. Bb3 Na5 12. Bh6 Bxh6 13. Qxh6 b5 14. Nd5 Nxb3+ 15. axb3
Nxd5 16. exd5 Qa5 17. Kb1 b4 18. g4 Rb6 19. Nf5 Bxf5 20. gxf5 Ra6 21. Kc1 Qa1+ 22.
Kd2 Qxb2 23. Qe3 Rc8 24. Rc1 Ra5 25. fxg6 Rxd5+ 26. Ke2 Re5  0-1

[Event "British Chess Championships 2023: AM Tournament Open"]
[Site "De Montfort University, 20 Western Boulevard, Leicester, LE2 7BU"]
[Date "2023.07.28"]
[Round "5"]
[Board "6"]
[White "Graham, Cassie M"]
[Black "Banerjee, Supratit"]
[Result "1/2-1/2"]
[WhiteElo "2008"]
[BlackElo "2059"]
[PlyCount "0"]
[EventDate "2023.07.24"]
[EventRounds "6"]
[EventCountry "ENG"]

1. e4 e6 2. d3 d5 3. Nd2 Nf6 4. Ngf3 Be7 5. c3 c5 6. g3 Nc6 7. Qc2 O-O 8. Bg2 e5
9. O-O Bg4 10. Re1 Bxf3 11. Nxf3 dxe4 12. dxe4 Nd7 13. h4 h6 14. Nh2 Qc7 15. Ng4
Nf6 16. Ne3 Bd6 17. Nf5 Ne7 18. Bh3 Nxf5 19. Bxf5 Rad8 20. Be3 Rfe8 21. Rad1 Be7
22. Kh2 Qc6 23. f3 b5 24. Qg2 a5 25. g4 Nh7 26. g5 hxg5 27. hxg5 g6 28. Bh3 Kg7 29.
Qg3 f6 30. Rg1 Nxg5 31. Bxg5 fxg5  1/2-1/2

[Event "British Chess Championships 2023: AM Tournament Open"]
[Site "De Montfort University, 20 Western Boulevard, Leicester, LE2 7BU"]
[Date "2023.07.28"]
[Round "5"]
[Board "7"]
[White "Rathbone-Jones, Ifan"]
[Black "Patel, Zain"]
[Result "1/2-1/2"]
[WhiteElo "2051"]
[BlackElo "1910"]
[PlyCount "0"]
[EventDate "2023.07.24"]
[EventRounds "6"]
[EventCountry "ENG"]

1. d4 Nf6 2. Nf3 e6 3. g3 d5 4. c4 dxc4 5. Bg2 c5 6. O-O Nc6 7. Qa4 Bd7 8. Qxc4 cxd4
9. Nxd4 Rc8 10. Nxc6 Bxc6 11. Bxc6+ Rxc6 12. Qa4 Bc5 13. Nc3 O-O 14. Bg5 Qd4 15.
Rad1 Qxa4 16. Nxa4 Be7 17. Nc3 h6 18. Be3 a6 19. a3 Bxa3 20. bxa3 Rxc3 21. Bd4 Rc2
22. Bxf6 gxf6 23. Rd7 Rxe2 24. Rxb7 Ra2 25. Ra7 Rxa3 26. Rb1 Kg7 27. Rb6 Kg6 28.
Rbxa6 Rxa6 29. Rxa6 Rb8 30. Kg2 e5 31. g4 e4 32. Ra5 Rb2 33. Kg3 Rb3+ 34. Kf4 Rf3+
35. Kxe4 Rxf2 36. h4 Rb2 37. h5+  1/2-1/2

[Event "British Chess Championships 2023: AM Tournament Open"]
[Site "De Montfort University, 20 Western Boulevard, Leicester, LE2 7BU"]
[Date "2023.07.28"]
[Round "5"]
[Board "8"]
[White "Verbytski, Oleg"]
[Black "Raju, Sooraj Menothuparambil"]
[Result "0-1"]
[WhiteElo "1886"]
[BlackElo "2207"]
[PlyCount "0"]
[EventDate "2023.07.24"]
[EventRounds "6"]
[EventCountry "ENG"]

1. e4 Nf6 2. e5 Nd5 3. c4 Nb6 4. d4 d6 5. f4 dxe5 6. fxe5 Nc6 7. Be3 Bf5 8. Nc3 e6
9. Be2 Bb4 10. Nf3 Na5 11. c5 Nbc4 12. Bg5 Qd7 13. Bxc4 Bxc3+ 14. bxc3 Nxc4 15. O-O
h6 16. Bc1 b6 17. cxb6 axb6 18. Nd2 Qa4 19. Qf3 O-O 20. g4 Bg6 21. h4 f5 22. Qd3
Nxe5 23. dxe5 Qxg4+ 24. Kh2 Qxh4+ 25. Qh3 Qxh3+ 26. Kxh3 f4 27. Nf3 Bf5+ 28. Kh2
g5 29. Bb2 Ra4 30. a3 Kf7 31. Rad1 Ke7 32. Nd4 Be4 33. Rf2 g4 34. Rfd2 Bd5 35. Nb5
Rc4 36. a4 Rf5 37. Ba3+ c5 38. Rxd5 exd5 39. Rxd5 g3+ 40. Kg2 f3+ 41. Kxg3 f2 42.
Nd4 Rxc3+ 43. Kg4 Rg5+ 44. Kh4 Rh3+  0-1

[Event "British Chess Championships 2023: AM Tournament Open"]
[Site "De Montfort University, 20 Western Boulevard, Leicester, LE2 7BU"]
[Date "2023.07.28"]
[Round "5"]
[Board "9"]
[White "Davis, Timothy J"]
[Black "Badacsonyi, Stanley"]
[Result "0-1"]
[WhiteElo "1989"]
[BlackElo "2190"]
[PlyCount "0"]
[EventDate "2023.07.24"]
[EventRounds "6"]
[EventCountry "ENG"]

1. e4 e5 2. Nf3 Nc6 3. Bb5 a6 4. Bxc6 dxc6 5. O-O f6 6. d4 exd4 7. Nxd4 c5 8. Nb3
Qxd1 9. Rxd1 Bd6 10. Na5 b5 11. c4 Nh6 12. Bxh6 gxh6 13. Nc3 b4 14. Nd5 Kf7 15. Nb3
Rg8 16. Nb6 Bxh2+ 17. Kxh2 cxb6 18. Nd2 Be6 19. b3 Rgd8 20. Nf1 b5 21. Ne3 bxc4 22.
bxc4 Rd4 23. Rxd4 cxd4 24. Nd5 Rc8 25. Nxb4 a5 26. Nd5 Rxc4 27. Kg3 f5 28. f3 Bxd5
29. exd5 d3 30. Kf2 d2 31. Rd1 Rd4 32. Ke3 Rxd5 33. Rxd2 Rxd2 34. Kxd2 Ke6 35. Kc3
Ke5 36. Kb3 Kf4 37. Ka4 Kg3 38. Kxa5 Kxg2 39. Kb4 h5 40. a4 h4 41. a5 h3 42. a6 h2
43. a7 h1=Q 44. a8=Q Qe1+ 45. Kc4 Qe2+ 46. Kd4 Qxf3 47. Qg8+ Qg4+  0-1

[Event "British Chess Championships 2023: AM Tournament Open"]
[Site "De Montfort University, 20 Western Boulevard, Leicester, LE2 7BU"]
[Date "2023.07.28"]
[Round "5"]
[Board "10"]
[White "Gilmore, Simon N"]
[Black "Bedi, Adam"]
[Result "1/2-1/2"]
[WhiteElo "2121"]
[BlackElo "1926"]
[PlyCount "0"]
[EventDate "2023.07.24"]
[EventRounds "6"]
[EventCountry "ENG"]

1. e4 c5 2. c4 Nc6 3. Ne2 Nf6 4. Nbc3 e6 5. d4 cxd4 6. Nxd4 Bb4 7. Nxc6 dxc6 8. Qxd8+
Kxd8 9. Bd2 e5 10. f3 Kc7 11. Nb5+ cxb5 12. Bxb4 bxc4 13. Bxc4 Be6 14. Bxe6 fxe6
15. Rc1+ Kd7 16. Ke2 Rhc8 17. Bc3 Rc5 18. b4 Rc4 19. Bxe5 Rac8 20. Rhd1+ Ke8 21.
Rxc4 Rxc4 22. a3 Rc6 23. Rd6 Rc2+ 24. Rd2 Rc6 25. Kd3 Ra6 26. Bb2 Nd7 27. Kc4 Rc6+
28. Kb3 g6 29. a4 a6 30. b5 axb5 31. axb5 Rc7 32. Bd4 Rc1 33. Rc2 Rxc2 34. Kxc2 h5
35. h4 Ke7 36. e5 Kf7 37. Kd3 Kg7 38. Ke4 Kh7 39. Kf4 Kh6 40. Ke4 Kh7 41. g4 Kh6
42. Be3+ Kg7 43. Bd4 Kh7 44. Kf4 Kh6 45. Kg3 Kg7 46. f4 Kf7 47. gxh5 gxh5 48. Kf3
Nf8 49. Ke4 Ng6 50. Bf2 Ne7 51. Kd4 Ke8 52. Kc5 Kd7 53. Kb6 Kc8 54. Kc5 Kd7 55. Kd4
Nf5+ 56. Kc5 Ne7  1/2-1/2

[Event "British Chess Championships 2023: AM Tournament Open"]
[Site "De Montfort University, 20 Western Boulevard, Leicester, LE2 7BU"]
[Date "2023.07.28"]
[Round "5"]
[Board "11"]
[White "Pilley, Jack"]
[Black "Santhosh, Abhyuday"]
[Result "1/2-1/2"]
[WhiteElo "2094"]
[BlackElo "1797"]
[PlyCount "0"]
[EventDate "2023.07.24"]
[EventRounds "6"]
[EventCountry "ENG"]

1. e4 c5 2. Nf3 d6 3. Bb5+ Nd7 4. O-O a6 5. Bd3 Ngf6 6. Re1 e6 7. c3 b5 8. Bc2 c4
9. a4 Bb7 10. d4 cxd3 11. Bxd3 bxa4 12. Qxa4 Be7 13. Bg5 O-O 14. Bxf6 Bxf6 15. Qd1
Qb6 16. Ra2 Nc5 17. Bc2 a5 18. Nbd2 Ba6 19. Nb3 Nxb3 20. Bxb3 Rab8 21. Nd2 Rfc8 22.
Bc2 Rc5 23. Qa1 Rh5 24. Qd1 Rg5 25. g3 Qc7 26. Nf3 Rc5 27. Bd3 Bxd3 28. Qxd3 Rcb5
29. Re2 d5 30. e5 Be7 31. Nd4 R5b7 32. Kg2 Bc5 33. Nf3 h6 34. h4 Rb3 35. Rc2 Qc6
36. Kh2 a4 37. h5 Qb6 38. Kg2 a3 39. bxa3 Qa5 40. a4 Rc8 41. Nd2 Rb7 42. c4 d4  1/2-1/2

[Event "British Chess Championships 2023: AM Tournament Open"]
[Site "De Montfort University, 20 Western Boulevard, Leicester, LE2 7BU"]
[Date "2023.07.28"]
[Round "5"]
[Board "12"]
[White "Collinson, Mark I"]
[Black "Ramage, Colin R"]
[Result "1-0"]
[WhiteElo "2034"]
[BlackElo "1920"]
[PlyCount "0"]
[EventDate "2023.07.24"]
[EventRounds "6"]
[EventCountry "ENG"]

1. d4 d5 2. c4 e6 3. Nf3 c5 4. cxd5 exd5 5. Nc3 Nf6 6. g3 Nc6 7. Bg2 Be7 8. O-O O-O
9. Bg5 Be6 10. dxc5 Bxc5 11. Bxf6 Qxf6 12. Nxd5 Bxd5 13. Qxd5 Bb6 14. b3 Rad8 15.
Qg5 Qe6 16. e3 Rd3 17. Qb5 Rfd8 18. Ng5 Qe7 19. Be4 Rd2 20. Bxh7+ Kf8 21. Nf3 R2d5
22. Qc4 Ne5 23. Qf4 Bc7 24. Rac1 Nxf3+ 25. Qxf3 Bb6 26. Be4 Rd2 27. Rc2 Rxc2 28.
Bxc2 Rd2 29. Be4 Rxa2 30. Bxb7 Rc2 31. Ba6 Rd2 32. Bc4 Rd6 33. h4 Rf6 34. Qa8+ Qd8
35. Qxd8+ Bxd8 36. Rd1 Ke7 37. Kg2 Bb6 38. g4 Rh6 39. Kg3 f6 40. Bb5 g5 41. h5 Rh8
42. Rd7+ Ke6 43. Rg7 Bc5 44. Bc4+ Ke5 45. Rf7 Rf8 46. Rd7 Bb6 47. h6 Rh8 48. h7 a5
49. Bd3 Bc5 50. f4+ gxf4+ 51. exf4+ Ke6 52. Bf5#  1-0

[Event "British Chess Championships 2023: AM Tournament Open"]
[Site "De Montfort University, 20 Western Boulevard, Leicester, LE2 7BU"]
[Date "2023.07.28"]
[Round "5"]
[Board "13"]
[White "Staniland, Philip"]
[Black "Kothari, Jai"]
[Result "1-0"]
[WhiteElo "1908"]
[BlackElo "2027"]
[PlyCount "0"]
[EventDate "2023.07.24"]
[EventRounds "6"]
[EventCountry "ENG"]

1. d4 Nf6 2. Nc3 d5 3. Bf4 e6 4. e3 c6 5. g4 Bd6 6. Qf3 Bxf4 7. exf4 Qa5 8. h3 b5
9. b3 Na6 10. O-O-O Bd7 11. Kb1 c5 12. g5 cxd4 13. Rxd4 Rc8 14. gxf6 Rxc3 15. fxg7
Rg8 16. Bd3 Nb4 17. Rxb4 Qxb4 18. Ne2 Rxg7 19. Nxc3 Qxc3 20. Qe3 a5 21. Re1 d4 22.
Qe5 a4 23. Bxb5 a3 24. Kc1 Bxb5 25. Qxb5+ Ke7 26. Qb7+ Kf6 27. Qe4 Rg8 28. Rd1 Qb2+
29. Kd2 Qc3+ 30. Kc1 Rd8 31. Qe5+ Ke7 32. Qg5+ Kd7 33. Qb5+ Kd6 34. Qa6+ Ke7 35.
Qxa3+ Kf6 36. Qb2 Qxh3 37. Rxd4 Rxd4 38. Qxd4+ Ke7 39. Qc5+ Kf6 40. Qg5#  1-0

[Event "British Chess Championships 2023: AM Tournament Open"]
[Site "De Montfort University, 20 Western Boulevard, Leicester, LE2 7BU"]
[Date "2023.07.28"]
[Round "5"]
[Board "14"]
[White "Rubeck, Jonathan"]
[Black "Dayal, Samar"]
[Result "1/2-1/2"]
[WhiteElo "1949"]
[BlackElo "1433"]
[PlyCount "0"]
[EventDate "2023.07.24"]
[EventRounds "6"]
[EventCountry "ENG"]

1. e4 c5 2. c3 d5 3. exd5 Qxd5 4. d4 cxd4 5. cxd4 Nc6 6. Nc3 Qxd4 7. Bd2 Nf6 8. Nf3
Qd8 9. h3 e6 10. Bc4 Bc5 11. O-O O-O 12. Qe2 a6 13. Rad1 b5 14. Bb3 Bb7 15. Bg5 Nd4
16. Nxd4 Bxd4 17. Rd3 b4 18. Rfd1 Qa5 19. Bxf6 Bxf6 20. Ne4 Be7 21. Rd7 Bxe4 22.
Qxe4 Bf6 23. Rxf7 Qe5 24. Rxf8+ Rxf8 25. Bxe6+ Kh8 26. Qxb4 Rb8 27. Qd6 Qxd6 28.
Rxd6 Rxb2 29. Rxa6 g5 30. f3 Bd4+ 31. Kf1 Rf2+ 32. Ke1 Rxg2 33. Rd6 Be5 34. Rd7 Bg3+
35. Kd1 Rf2 36. Rf7 Bf4 37. Bf5 Rxa2 38. Rxh7+ Kg8 39. Rb7 Rd2+ 40. Ke1 Rh2 41. Kf1
Rd2 42. Rb4 Bg3 43. Rg4 Bh4 44. Kg1 Rd1+ 45. Kg2 Rd2+ 46. Kf1 Rf2+ 47. Kg1 Rxf3 48.
Be6+ Kg7 49. Kg2 Re3 50. Bc4  1/2-1/2

[Event "British Chess Championships 2023: AM Tournament Open"]
[Site "De Montfort University, 20 Western Boulevard, Leicester, LE2 7BU"]
[Date "2023.07.28"]
[Round "5"]
[Board "15"]
[White "Orgler, Philipp"]
[Black "Sheikh, Anum"]
[Result "1/2-1/2"]
[WhiteElo "2110"]
[BlackElo "1940"]
[PlyCount "0"]
[EventDate "2023.07.24"]
[EventRounds "6"]
[EventCountry "ENG"]

1. b3 e5 2. Bb2 Nc6 3. e3 Nge7 4. Nf3 d6 5. d4 e4 6. Nfd2 d5 7. c4 f5 8. Nc3 Be6
9. Ba3 g6 10. Qc2 Bg7 11. cxd5 Nxd5 12. Nxd5 Bxd5 13. Bc4 Kf7 14. O-O Re8 15. Bb5
Re6 16. Nc4 a6 17. Bxc6 Rxc6 18. Qe2 Kg8 19. Ne5 Re6 20. Bb2 c5 21. Rac1 Rc8 22.
f4 exf3 23. Nxf3 Bh6 24. Ne5 cxd4 25. Rxc8 Qxc8 26. exd4 b5  1/2-1/2

[Event "British Chess Championships 2023: AM Tournament Open"]
[Site "De Montfort University, 20 Western Boulevard, Leicester, LE2 7BU"]
[Date "2023.07.28"]
[Round "5"]
[Board "16"]
[White "Brown, Tom"]
[Black "Kirupakaran, Vishnu"]
[Result "0-1"]
[WhiteElo "2017"]
[BlackElo "1881"]
[PlyCount "0"]
[EventDate "2023.07.24"]
[EventRounds "6"]
[EventCountry "ENG"]

1. d4 d5 2. c4 c6 3. Nc3 Nf6 4. e3 e6 5. Nf3 Nbd7 6. Qc2 Bd6 7. b3 O-O 8. Be2 b6
9. O-O Bb7 10. Bb2 Qe7 11. Rad1 Rac8 12. Qb1 c5 13. cxd5 exd5 14. Rc1 Ne4 15. Rfd1
Ndf6 16. h3 Rfe8 17. Bb5 Nxf2 18. Kxf2 Qxe3+ 19. Kf1 Nh5 20. g4 Qxf3+ 21. Kg1 Bh2+
 0-1